Dialektik der Aufklèarung (Record no. 80889)
[ view plain ]
| 000 -LEADER | |
|---|---|
| campo de control de longitud fija | 00551nam a2200169 i 4500 |
| 001 - NÚMERO DE CONTROL | |
| campo de control | 80889 |
| 003 - IDENTIFICADOR DE NÚMERO DE CONTROL | |
| campo de control | ES-MaACL |
| 005 - FECHA Y HORA DE LA ÚLTIMA TRANSACCIÓN | |
| campo de control | 20230906174325.0 |
| 007 - CAMPO FIJO DE DESCRIPCIÓN FÍSICA--INFORMACIÓN GENERAL | |
| campo de control de longitud fija | t| |
| 008 - DATOS DE LONGITUD FIJA--INFORMACIÓN GENERAL | |
| campo de control de longitud fija | 041102s1947 ne ||||1| ger d |
| 100 1# - ENTRADA PRINCIPAL--NOMBRE DE PERSONA | |
| Nombre de persona | Horkheimer, Max. |
| 9 (RLIN) | 64197 |
| 245 10 - MENCIÓN DEL TÍTULO | |
| Título | Dialektik der Aufklèarung |
| Resto del título | : Philosophische Fragmente / |
| Mención de responsabilidad, etc. | Max Horkheimer und Theodor W. Adorno. |
| 260 ## - PUBLICACIÓN, DISTRIBUCIÓN, ETC. | |
| Lugar de publicación, distribución, etc. | Amsterdam : |
| Nombre del editor, distribuidor, etc. | Querido Verlag, |
| Fecha de publicación, distribución, etc. | 1947 ( |
| Fabricante | Druck Nijmegen ; G. J. Thieme) |
| 300 ## - DESCRIPCIÓN FÍSICA | |
| Extensión | 310 p. ; |
| Dimensiones | 21 cm. |
| 700 1# - ENTRADA AGREGADA--NOMBRE PERSONAL | |
| Nombre de persona | Adorno, Theodor W. |
| 9 (RLIN) | 18468 |
| 852 ## - LOCALIZACIÓN | |
| Ubicación | ES-MaACL |
| Número de control de estantería | D-9068 |
| Sublocalización o colección | R.30509 |
| Estatus retirado | Estado de pérdida | Estado de daño | No para préstamo | Biblioteca de origen | Biblioteca actual | Ubicación en estantería | Fecha de adquisición | Fuente de adquisición | Total de préstamos | Signatura topográfica completa | Código de barras | Visto por última vez | Precio de reemplazo | Tipo de ítem Koha |
|---|---|---|---|---|---|---|---|---|---|---|---|---|---|---|
| Biblioteca del Ateneo de Madrid | Biblioteca del Ateneo de Madrid | Sala Valle Inclán | 17/01/2008 | D-9068 | 901084565 | 23/02/2023 | 23/02/2023 | Libro impreso |
